[Event "Winnipeg Manitoba op"]
[Site "Winnipeg"]
[Date "1991.05.18"]
[Round "1"]
[White "Awadh, Bahaa"]
[Black "Perron, Sean"]
[Result "0-1"]
[WhiteElo "1532"]
[BlackElo "1964"]
[PlyCount "104"]
[EventDate "1991.05.18"]
[EventType "swiss"]
[EventRounds "6"]
[EventCountry "CAN"]
[SourceTitle "EXT 2022"]
[Source "ChessBase"]
[SourceDate "2021.10.06"]
[SourceVersion "1"]
[SourceVersionDate "2021.10.06"]
[SourceQuality "1"]

1. c4 e6 2. d4 f5 3. Nc3 Nf6 4. g3 d5 5. Bg2 c6 6. b3 Bd6 7. e3 0-0 8. f3 b6 9. Nge2 Bb7 10. Nf4 Qe7 11. 0-0 Nbd7 12. Qc2 e5 13. Nfe2 e4 14. f4 Ba6 15. Nd1 Rac8 16. Bb2 Qe6 17. Rc1 Qe7 18. Bh3 g6 19. Rf2 Kf7 20. Qd2 h5 21. Rg2 Ng4 22. cxd5 cxd5 23. Bxg4 hxg4 24. Nec3 Nf6 25. Qe1 Ke6 26. Nf2 Rh8 27. a4 Bb4 28. Qd1 Qd7 29. Rc2 Rh7 30. Nb5 Rxc2 31. Qxc2 Bxb5 32. axb5 Qxb5 33. Nd1 Qd7 34. Nc3 Rh8 35. Qc1 Rc8 36. Rc2 Bxc3 37. Rxc3 Rxc3 38. Qxc3 Ne8 39. Ba3 a5 40. Kg2 Qc7 41. Qxc7 Nxc7 42. Kf2 Kd7 43. Ke2 Kc6 44. Kd2 Kb5 45. Kc3 a4 46. Be7 axb3 47. Kxb3 Ne6 48. Bf6 Nf8 49. Be7 Nd7 50. Bd8 Nb8 51. Be7 Nc6 52. Bd6 Na5+ 0-1